000 00580nam a2200205 i 4500
001 bg
100 1 _aPILECKI, Szymon
245 1 0 _aLotnictwo i kosmonautyka :
_bzarys encyklopedyczny /
_cSzymon Pilecki.
260 _aWarszawa :
_bWydawnictwa Komunikacji i Łączności,
_c1975.
300 _a448 s., [1] k. tabl. złoż. :
_bil. ;
_c24 cm.
504 _aBibliogr. Indeks.
650 9 _aLotnictwo
650 9 _aAstronautyka
655 _aEncyklopedie
040 _cBPK
041 0 _apol
080 _a629.7(03)
942 _cKS
008 s pl f |000 0 pol
999 _c45080
_d45080
856 _uhttp://koha.tu.koszalin.pl/cgi-bin/koha/opac-detail.pl?biblionumber=45080
_yKatalog online BPK